[Event "XXXVII Olimpiadi femminile"]
[Site "Torino ITA"]
[Date "2006.05.23"]
[Round "3.2"]
[White "Pokorna, Regina"]
[Black "Franco Valencia, Angela Maria"]
[Result "1-0"]
[WhiteElo "2338"]
[BlackElo "2076"]
[Annotator "COL-SVK"]
[PlyCount "121"]
[EventDate "2006.05.21"]

1. e4 e5 2. Nf3 Nc6 3. Bb5 a6 4. Bxc6 dxc6 5. O-O f6 6. d4 exd4 7. Nxd4 Ne7 8.
Nc3 Ng6 9. Nf5 Qxd1 10. Rxd1 Bd7 11. Ne2 O-O-O 12. Neg3 h5 13. Be3 h4 14. Ne2
h3 15. g3 Ne5 16. Nf4 g6 17. Nd4 Bg4 18. f3 Nxf3+ 19. Nxf3 Rxd1+ 20. Rxd1 Bxf3
21. Re1 Bd6 22. Nxg6 Re8 23. Nf4 Bg4 24. Bd4 Rf8 25. Nd3 Bf3 26. Kf2 Bg4 27.
Ke3 b6 28. b3 Kd7 29. Rf1 Ke6 30. Nf2 c5 31. Bc3 Be5 32. Nxg4 Bxc3 33. Kd3 Ba5
34. c3 b5 35. Rf5 Bb6 36. c4 c6 37. Ke3 Ba5 38. Nf2 Rh8 39. Nd3 Bc7 40. Nxc5+
Ke7 41. Kf3 a5 42. cxb5 cxb5 43. Nd3 b4 44. Nf4 Kf7 45. Nd5 Be5 46. Nxf6 Ke6
47. Ng4 Bc7 48. Nf2 a4 49. bxa4 Ra8 50. Nd3 Bd6 51. a5 Rc8 52. Kg4 Rc2 53. Kxh3
Rxa2 54. Rb5 Ra4 55. Nc5+ Bxc5 56. Rxc5 Ra2 57. Rb5 Ra4 58. a6 Rxa6 59. Rxb4
Ke5 60. Kg4 Rg6+ 61. Kf3 1-0

[Event "XXXVII Olimpiadi femminile"]
[Site "Torino ITA"]
[Date "2006.05.23"]
[Round "3.3"]
[White "Palao, Maricela"]
[Black "Borosova, Zuzana"]
[Result "0-1"]
[WhiteElo "2152"]
[BlackElo "2210"]
[Annotator "COL-SVK"]
[PlyCount "80"]
[EventDate "2006.05.21"]

1. d4 Nf6 2. Nf3 e6 3. c4 b6 4. Nc3 Bb4 5. g3 Bb7 6. Bg2 O-O 7. O-O Bxc3 8.
bxc3 d6 9. Qb3 Nbd7 10. Ba3 Qe7 11. Rfe1 Ne4 12. Rad1 f5 13. e3 Ndf6 14. c5 Ng4
15. cxd6 cxd6 16. Re2 Rfc8 17. c4 b5 18. c5 Bd5 19. Qb2 dxc5 20. dxc5 a5 21.
Qxb5 Nc3 22. Qd3 Nxd1 23. Qxd1 Nf6 24. Nd4 Bxg2 25. Kxg2 Ne4 26. Qb3 Nxc5 27.
Bxc5 Rxc5 28. Nxe6 a4 29. Qb6 Rcc8 30. Nd4 Rcb8 31. Qc6 Qe4+ 32. f3 Qxc6 33.
Nxc6 Rb7 34. f4 a3 35. Kf3 g6 36. Rd2 Rb2 37. Ke2 Kf8 38. Nd4 Rab8 39. Nb3
R8xb3 40. axb3 Rxd2+ 0-1

[Event "XXXVII Olimpiadi femminile"]
[Site "Torino ITA"]
[Date "2006.05.23"]
[Round "3.3"]
[White "Khamrakulova, Shakhnoza"]
[Black "Ikpa Glewis, Pauline Tresa"]
[Result "1-0"]
[WhiteElo "2032"]
[BlackElo "1969"]
[Annotator "UZB-NGR"]
[PlyCount "105"]
[EventDate "2006.05.21"]

1. e4 e5 2. Nf3 Nf6 3. d3 Nc6 4. Be2 Be7 5. Nc3 d6 6. h3 O-O 7. O-O h6 8. Nh2
d5 9. exd5 Nxd5 10. Bf3 Nxc3 11. bxc3 Bd7 12. Rb1 Rb8 13. d4 exd4 14. cxd4 Bd6
15. Be3 b6 16. c3 Qf6 17. Bg4 Bxg4 18. Nxg4 Qg6 19. f4 Ne7 20. Ne5 Bxe5 21.
fxe5 Nd5 22. Qd2 Nxe3 23. Qxe3 Rbd8 24. Rb2 c5 25. Rbf2 cxd4 26. cxd4 b5 27.
Rf4 Qb6 28. R1f3 g5 29. Re4 f5 30. exf6 Rxf6 31. h4 Rxf3 32. gxf3 Qd6 33. Rg4
Kh7 34. hxg5 h5 35. Rf4 Kg7 36. Kg2 Rc8 37. Re4 Rc2+ 38. Kf1 Rc7 39. Re6 Qg3
40. Re7+ Rxe7 41. Qxe7+ Kg6 42. Qf6+ Kh7 43. Qf7+ Kh8 44. Qxh5+ Kg8 45. g6 Qc7
46. Qc5 Qd7 47. Qh5 Qc7 48. Qh7+ Qxh7 49. gxh7+ Kxh7 50. f4 Kg6 51. d5 Kf6 52.
Ke2 Ke7 53. f5 1-0

[Event "XXXVII Olimpiadi femminile"]
[Site "Torino ITA"]
[Date "2006.05.23"]
[Round "3.1"]
[White "Steil-Antoni, Fiona"]
[Black "Berezina, Irina"]
[Result "1/2-1/2"]
[WhiteElo "1968"]
[BlackElo "2281"]
[Annotator "LUX-AUS"]
[PlyCount "99"]
[EventDate "2006.05.21"]

1. e4 c5 2. Nc3 d6 3. f4 Nc6 4. Nf3 g6 5. Bc4 Bg7 6. d3 e6 7. O-O Nge7 8. Qe1
Nd4 9. Nxd4 cxd4 10. Ne2 O-O 11. f5 Nc6 12. fxe6 Bxe6 13. Bb3 Bxb3 14. axb3 d5
15. Ng3 Qd7 16. Bd2 a6 17. Qf2 Rac8 18. h3 Qd6 19. Rae1 Nd8 20. Bc1 Ne6 21. Re2
Be5 22. Nf5 gxf5 23. exf5 Ng7 24. Rxe5 Qxe5 25. f6 Rfe8 26. fxg7 Qxg7 27. c4
dxc4 28. bxc4 Rc6 29. b4 Rce6 30. Qh4 Rg6 31. g4 Qe5 32. Bd2 Qc7 33. Qf2 Rge6
34. Qh4 Rg6 35. Rf5 Re2 36. Bf4 Qe7 37. Qxe7 Rxe7 38. Rd5 f6 39. Kf2 Kf7 40.
Rxd4 Rg8 41. c5 Rge8 42. h4 Re2+ 43. Kf3 Rb2 44. g5 fxg5 45. Bxg5 a5 46. Rd7+
Ke6 47. Rxb7 Rxb4 48. Rxh7 Kd5 49. Bd2 Rb3 50. Bxa5 1/2-1/2

[Event "XXXVII Olimpiadi femminile"]
[Site "Torino ITA"]
[Date "2006.05.23"]
[Round "3.1"]
[White "Heinatz, Gundula"]
[Black "Lomibao, Sheerie Joy"]
[Result "0-1"]
[WhiteElo "2277"]
[BlackElo "2163"]
[Annotator "SUI-PHI"]
[PlyCount "100"]
[EventDate "2006.05.21"]

1. d4 d5 2. Nf3 Nc6 3. g3 Bg4 4. Bg2 Qd7 5. h3 Bf5 6. c3 f6 7. b4 a6 8. Bf4 g5
9. Be3 Nh6 10. Qc1 Nf7 11. Nbd2 h6 12. Nb3 b6 13. a4 Bg7 14. a5 O-O 15. h4 e6
16. O-O Nd6 17. hxg5 hxg5 18. Nfd2 b5 19. Nc5 Qe8 20. f3 Kf7 21. Kf2 Rh8 22.
Rh1 Rxh1 23. Qxh1 Qe7 24. Qc1 Nd8 25. Qb2 c6 26. Rh1 Kg8 27. Qc1 N8f7 28. Kg1
e5 29. Qf1 Bg6 30. Bh3 f5 31. Ndb3 Nc4 32. Bc1 exd4 33. Nxd4 Re8 34. Nce6 Bf6
35. Kf2 Bxd4+ 36. Nxd4 Ne3 37. Qe1 g4 38. Nxc6 Qe6 39. Nd4 Qe7 40. Bg2 Nxg2 41.
Kxg2 gxf3+ 42. Nxf3 Qxe2+ 43. Qxe2 Rxe2+ 44. Kh3 Bh5 45. Nd4 Bg4+ 46. Kh4 Re8
47. Rf1 Nd6 48. Kg5 Ne4+ 49. Kh6 Rf8 50. Bg5 Rf7 0-1

[Event "XXXVII Olimpiadi femminile"]
[Site "Torino ITA"]
[Date "2006.05.23"]
[Round "3.2"]
[White "Cua, Sherily"]
[Black "Hund, Barbara"]
[Result "0-1"]
[WhiteElo "1954"]
[BlackElo "2261"]
[Annotator "SUI-PHI"]
[PlyCount "92"]
[EventDate "2006.05.21"]

1. d4 Nf6 2. c4 e6 3. Nf3 Bb4+ 4. Bd2 a5 5. g3 O-O 6. Bg2 Ne4 7. O-O Nxd2 8.
Nfxd2 Be7 9. Nc3 d6 10. e3 Nc6 11. Qe2 Re8 12. Rfd1 Bf8 13. Rac1 Rb8 14. a3 Bd7
15. Nb3 b6 16. Qc2 e5 17. c5 a4 18. Na1 exd4 19. exd4 b5 20. cxd6 Bxd6 21. Ne4
Na5 22. Nc5 Bg4 23. Re1 Qf6 24. Qc3 Nc4 25. Nxa4 Rxe1+ 26. Rxe1 bxa4 27. Qxc4
Rxb2 28. Nc2 Bd7 29. Re3 g6 30. Bd5 Bf5 31. Ne1 Be6 32. Rf3 Bxd5 33. Qxd5 Qe6
34. Qa8+ Kg7 35. Qa5 Qe2 36. Kg2 Rd2 37. Qd5 f5 38. g4 Qxe1 39. gxf5 Rd1 40.
f6+ Kf8 41. Qa8+ Kf7 42. Qd5+ Qe6 43. Qg5 Rxd4 44. h3 Qe5 45. Qh6 Qh2+ 46. Kf1
Qh1+ 0-1

[Event "XXXVII Olimpiadi femminile"]
[Site "Torino ITA"]
[Date "2006.05.23"]
[Round "3.1"]
[White "Isgandarova, Khayala Ilqar Qizi"]
[Black "Aketayeva, Dana"]
[Result "0-1"]
[WhiteElo "2104"]
[BlackElo "2328"]
[Annotator "AZE-KAZ"]
[PlyCount "98"]
[EventDate "2006.05.21"]

1. e4 e5 2. Nf3 Nc6 3. g3 Nf6 4. d3 Bc5 5. Bg2 d5 6. Qe2 dxe4 7. dxe4 Bg4 8. c3
O-O 9. h3 Bh5 10. O-O Qe7 11. Nbd2 Rfd8 12. g4 Bg6 13. Nh4 Rd7 14. Nf5 Qe6 15.
Nf3 Rad8 16. b4 Bf8 17. Ng5 Qe8 18. Qc4 h6 19. Nf3 Bxf5 20. gxf5 Rd1 21. Be3
Rxf1+ 22. Bxf1 b5 23. Qxb5 Nxe4 24. Qc4 Nd6 25. Qg4 e4 26. Nh4 Ne5 27. Qf4 Nd3
28. Qg3 Kh7 29. Bd4 Nb5 30. Bxd3 exd3 31. Be5 f6 32. a4 Qxe5 33. Qxe5 fxe5 34.
axb5 e4 35. Ng6 Bd6 36. Kf1 Kg8 37. Ke1 Kf7 38. Rxa7 Kf6 39. Nh4 Be5 40. Ra3 e3
41. Ra6+ Kg5 42. Nf3+ Kf4 43. Nd4 Bxd4 44. cxd4 e2 45. f6 gxf6 46. Rxf6+ Ke4
47. Rxh6 Rg8 48. Re6+ Kxd4 49. Kd2 Rg1 0-1

[Event "XXXVII Olimpiadi femminile"]
[Site "Torino ITA"]
[Date "2006.05.23"]
[Round "3.3"]
[White "Aghasiyeva, Fidan Aydin Qizi"]
[Black "Dauletova, Gulmira"]
[Result "0-1"]
[WhiteElo "2088"]
[BlackElo "2144"]
[Annotator "AZE-KAZ"]
[PlyCount "136"]
[EventDate "2006.05.21"]

1. Nf3 Nf6 2. c4 g6 3. d4 Bg7 4. Nc3 O-O 5. e4 d6 6. Be2 e5 7. O-O Nc6 8. d5
Ne7 9. Bd2 Nh5 10. Ne1 Nf4 11. Bxf4 exf4 12. Bg4 f5 13. exf5 Nxf5 14. Qd2 Qg5
15. Bh3 Nd4 16. Bxc8 Raxc8 17. Ne2 Nxe2+ 18. Qxe2 Rce8 19. Qd2 Qe5 20. Nf3 Qxb2
21. Qxb2 Bxb2 22. Rab1 Re2 23. Ng5 b6 24. Ne6 Rf7 25. Nd8 Rfe7 26. Ne6 Be5 27.
g3 f3 28. Rb3 Rf7 29. Ng5 Rf5 30. Ne6 Rc2 31. Nxc7 Rxc4 32. Ne6 Bd4 33. Rd1 Bc5
34. Rbd3 Rc2 35. R3d2 Rxd2 36. Rxd2 Re5 37. Kf1 Bb4 38. Rd1 g5 39. a3 Ba5 40.
Nc7 Re2 41. Nb5 Ra2 42. Nxd6 Kf8 43. Ne4 h6 44. Nf6 Bc3 45. Ne4 Bd4 46. h3 Rxa3
47. Kg1 Ra1 48. Rxa1 Bxa1 49. Kf1 Ke7 50. Ke1 b5 51. Kd2 Bd4 52. Kd3 Bb6 53.
Kc3 a5 54. g4 Ba7 55. Kd3 Kd7 56. Kc3 Bb6 57. Kb3 Bd4 58. Ka3 Kc7 59. Kb3 Kb6
60. Ka3 Bxf2 61. Nxf2 Kc5 62. d6 Kxd6 63. Kb3 Ke5 64. Kc3 Kf4 65. Kd3 Kg3 66.
Ke3 a4 67. Ne4+ Kg2 68. Nd2 f2 0-1

[Event "XXXVII Olimpiadi femminile"]
[Site "Torino ITA"]
[Date "2006.05.23"]
[Round "3.2"]
[White "Berntsen, Sheila Barth"]
[Black "Goi, Veronika"]
[Result "1/2-1/2"]
[WhiteElo "2159"]
[BlackElo "1913"]
[Annotator "ITA2-NOR"]
[PlyCount "144"]
[EventDate "2006.05.21"]

1. e4 e6 2. d4 d5 3. Nc3 dxe4 4. Nxe4 Nf6 5. Nxf6+ Qxf6 6. Nf3 h6 7. Ne5 Nd7 8.
f4 Qd8 9. Bd3 Nxe5 10. fxe5 Qd5 11. Qg4 c5 12. Bb5+ Bd7 13. Bxd7+ Qxd7 14. Be3
h5 15. Qf3 cxd4 16. O-O-O Rc8 17. Rxd4 Qc7 18. c3 Bc5 19. Rd3 Bxe3+ 20. Rxe3
Qc6 21. Qe2 Qc4 22. Qxc4 Rxc4 23. Rd1 Ke7 24. Red3 Rc7 25. Rg3 g6 26. Rgd3 h4
27. Rf1 Rc5 28. Rdf3 Rh7 29. Re1 Rh5 30. Rfe3 Rf5 31. Re4 g5 32. Kc2 Rd5 33.
R1e2 Kf8 34. g3 hxg3 35. hxg3 Rf3 36. Rg4 Rf5 37. Rge4 Rf3 38. g4 Kg7 39. Rb4
b6 40. a4 Kg6 41. Rbe4 Rf4 42. b4 a6 43. Re1 Rf3 44. Rc4 Rg3 45. Re2 Rf3 46.
Rc6 Rf4 47. Rxb6 a5 48. Rb5 axb4 49. Rxb4 Rf3 50. Ree4 Rc5 51. Rbc4 Ra5 52. Kb3
Rf1 53. Rb4 Rb1+ 54. Kc4 Ra1 55. Kd3 Rd5+ 56. Rbd4 Rc5 57. Kc2 Rg1 58. Kb2 Rg2+
59. Kb3 Rg3 60. Rc4 Rd5 61. Rc8 Rf3 62. Kb4 Rf4 63. Rcc4 Rf1 64. Rc5 Rb1+ 65.
Kc4 Rd7 66. Rd4 Ra7 67. Kd3 Rd1+ 68. Ke4 Rxd4+ 69. cxd4 Rxa4 70. Rc3 Ra1 71.
Rg3 Re1+ 72. Kd3 Rf1 1/2-1/2

[Event "XXXVII Olimpiadi femminile"]
[Site "Torino ITA"]
[Date "2006.05.23"]
[Round "3.3"]
[White "Brunello, Marina"]
[Black "Hagesaether, Torill"]
[Result "0-1"]
[WhiteElo "1920"]
[BlackElo "2007"]
[Annotator "ITA2-NOR"]
[PlyCount "96"]
[EventDate "2006.05.21"]

1. e4 e5 2. Nf3 Nc6 3. d4 exd4 4. Nxd4 Bc5 5. Be3 Qf6 6. c3 Nge7 7. Bc4 Ne5 8.
Be2 Qg6 9. O-O d6 10. Nd2 Bh3 11. Bf3 O-O 12. Kh1 Nxf3 13. Qxf3 Bd7 14. b4 Bb6
15. Nc4 Nc6 16. Nxb6 axb6 17. Nf5 Rfe8 18. Ng3 Bg4 19. Qf4 Ra3 20. Bd2 Be6 21.
c4 Bxc4 22. Rfc1 b5 23. Bc3 Rea8 24. h4 Rxa2 25. h5 Qe6 26. Rxa2 Rxa2 27. Nf5
Ne5 28. Qg3 g6 29. hxg6 fxg6 30. Nh6+ Kf8 31. f4 Nf7 32. f5 Qxe4 33. Re1 Re2
34. Rxe2 Qxe2 35. Nxf7 Bxf7 36. fxg6 Qh5+ 37. Kg1 Qxg6 38. Qh4 Ke8 39. Qd4 Kd7
40. Qe3 h5 41. Qf3 c6 42. Qd1 Bd5 43. Qf1 h4 44. Qf2 Qe4 45. Kh2 Kc7 46. Be1 b6
47. Kg1 c5 48. bxc5 bxc5 0-1

[Event "XXXVII Olimpiadi femminile"]
[Site "Torino ITA"]
[Date "2006.05.23"]
[Round "3.1"]
[White "Leite, Catarina"]
[Black "Wijayawardena, Dangampolage M.C."]
[Result "1-0"]
[WhiteElo "2218"]
[BlackElo "1872"]
[Annotator "POR-SRI"]
[PlyCount "111"]
[EventDate "2006.05.21"]

1. e4 c5 2. c3 d5 3. exd5 Qxd5 4. d4 Nc6 5. Nf3 Bg4 6. Be2 e6 7. O-O Rd8 8. Be3
cxd4 9. cxd4 Nf6 10. Qa4 Qa5 11. Qxa5 Nxa5 12. Bb5+ Ke7 13. Ne5 a6 14. Ba4 b5
15. Bd2 bxa4 16. Bxa5 Rd5 17. Nc3 Rxa5 18. Nc6+ Kd7 19. Nxa5 Bb4 20. Nc4 Bh5
21. f3 a3 22. Nxa3 Rd8 23. Nc4 Ke8 24. Ne2 Nd5 25. a3 Be7 26. Ne5 Bg5 27. Ng3
Be3+ 28. Kh1 Bg6 29. Ne4 Bf5 30. Rad1 Kf8 31. Rfe1 Bf4 32. g3 Bh6 33. g4 Bxe4
34. fxe4 f6 35. Nc6 Rc8 36. exd5 exd5 37. Nb4 Rb8 38. Re2 Rd8 39. Rde1 a5 40.
Nc6 Rc8 41. Nxa5 Bf4 42. Rf1 Bg5 43. Rf5 Rd8 44. Nc6 Rd6 45. Nb4 g6 46. Rxd5
Rb6 47. Rd7 h6 48. Rc2 Rb8 49. Rcc7 f5 50. Rf7+ Kg8 51. gxf5 gxf5 52. Nd3 f4
53. Ne5 f3 54. Rg7+ Kf8 55. Rcf7+ Ke8 56. Rg8# 1-0

[Event "XXXVII Olimpiadi femminile"]
[Site "Torino ITA"]
[Date "2006.05.23"]
[Round "3.2"]
[White "Koswatte, Chandrika Thilini"]
[Black "Pintor, Ariana"]
[Result "0-1"]
[WhiteElo "1839"]
[BlackElo "2064"]
[Annotator "POR-SRI"]
[PlyCount "64"]
[EventDate "2006.05.21"]

1. d4 Nf6 2. c4 g6 3. Nc3 Bg7 4. e4 d6 5. f3 O-O 6. Be3 Nbd7 7. Qd2 c5 8. Nge2
cxd4 9. Nxd4 Ne5 10. h3 Bd7 11. f4 Nc6 12. g4 Nxd4 13. Bxd4 e5 14. fxe5 dxe5
15. Be3 Bc6 16. Bd3 Qd7 17. O-O-O Rfd8 18. Qf2 Qe6 19. Nd5 Rac8 20. Kb1 b5 21.
Bg5 bxc4 22. Bxf6 Bxf6 23. Nxf6+ Kg7 24. g5 cxd3 25. Qh4 h5 26. gxh6+ Kh8 27.
Qg5 Ba4 28. Rdf1 d2 29. Nd5 Bc2+ 30. Ka1 Bxe4 31. Rhg1 Rxd5 32. b3 Bc2 0-1

[Event "XXXVII Olimpiadi femminile"]
[Site "Torino ITA"]
[Date "2006.05.23"]
[Round "3.3"]
[White "Baptista, Ana Filipa"]
[Black "Senanayaka, Pramodya Ruchirani"]
[Result "1/2-1/2"]
[WhiteElo "2030"]
[BlackElo "1846"]
[Annotator "POR-SRI"]
[PlyCount "141"]
[EventDate "2006.05.21"]

1. e4 c5 2. Nf3 d6 3. d4 cxd4 4. Nxd4 Nf6 5. Nc3 g6 6. Bc4 Bg7 7. O-O Nc6 8. h3
O-O 9. Be3 Bd7 10. f4 Qb6 11. Qd3 Qc7 12. Rad1 Rfc8 13. Bb3 Na5 14. Ndb5 Bxb5
15. Nxb5 Qb8 16. Bd4 Nxb3 17. axb3 Rd8 18. Qe3 a6 19. Nc3 e5 20. Bb6 Rd7 21. f5
Qc8 22. Qf3 Qc6 23. Be3 Rf8 24. g4 Ne8 25. Nd5 f6 26. Nb6 Rdf7 27. Rd2 g5 28.
Rfd1 Rc7 29. Nd5 Rd7 30. Bb6 Rff7 31. c4 Bf8 32. Qe3 Be7 33. c5 dxc5 34. Nxe7+
Rfxe7 35. Qxc5 Qxc5+ 36. Bxc5 Rxd2 37. Rxd2 Rc7 38. Bb6 Rc6 39. Bd8 b5 40. Be7
Kf7 41. Bb4 Rc7 42. Kg2 Ra7 43. Bc5 Rc7 44. b4 Rb7 45. Rd8 Rc7 46. Ra8 Rc6 47.
Kf3 Nd6 48. Rd8 Ne8 49. Rd7+ Kg8 50. Rd8 Kf7 51. Rd7+ Kg8 52. Ke3 Rc8 53. Re7
Ra8 54. Re6 Kf7 55. Re7+ Kg8 56. Rd7 Rc8 57. Ra7 Rc6 58. Ra8 Kf7 59. Kd3 Nd6
60. Ra7+ Kg8 61. Re7 Nc8 62. Re8+ Kf7 63. Rh8 Kg7 64. Rd8 Kf7 65. Bf8 Ne7 66.
Bh6 Rc8 67. Rd7 Rc6 68. Ra7 Rd6+ 69. Ke3 Rc6 70. Rd7 Rc4 71. Rd8 1/2-1/2

[Event "XXXVII Olimpiadi femminile"]
[Site "Torino ITA"]
[Date "2006.05.23"]
[Round "3.2"]
[White "Moodliar, Suvania"]
[Black "Kudrina, Alia"]
[Result "1/2-1/2"]
[WhiteElo "1859"]
[BlackElo "2042"]
[Annotator "IPCA-RSA"]
[PlyCount "87"]
[EventDate "2006.05.21"]

1. d4 d5 2. c4 e5 3. dxe5 d4 4. Nf3 Nc6 5. Bf4 Bg4 6. Nbd2 Qd7 7. Qb3 O-O-O 8.
h3 Bf5 9. g4 Bg6 10. Nh4 Nge7 11. Bg2 h5 12. Nxg6 Nxg6 13. Bg5 Be7 14. Bxe7
Qxe7 15. Bxc6 bxc6 16. O-O-O Nxe5 17. Nf3 Nxf3 18. Qxf3 Qg5+ 19. Kb1 Qg6+ 20.
Kc1 Rd6 21. gxh5 Qxh5 22. Qg4+ Qxg4 23. hxg4 Rxh1 24. Rxh1 g6 25. Kd2 c5 26.
Rh8+ Kd7 27. Rf8 Rf6 28. f3 Ke7 29. Rc8 Rc6 30. Kd3 Kd7 31. Rf8 f6 32. f4 Ke7
33. Rh8 Re6 34. Rh7+ Kd6 35. Rg7 Re3+ 36. Kd2 Re4 37. Rxg6 Rxf4 38. g5 Ke6 39.
gxf6 Rxf6 40. Rg5 Kd6 41. Rg8 Kc6 42. Rg5 Re6 43. a3 a5 44. Rh5 1/2-1/2

[Event "XXXVII Olimpiadi femminile"]
[Site "Torino ITA"]
[Date "2006.05.23"]
[Round "3.1"]
[White "Houska, Jovanka"]
[Black "Ribeiro Santos, Regina Lucia"]
[Result "1-0"]
[WhiteElo "2378"]
[BlackElo "2111"]
[Annotator "ENG-BRA"]
[PlyCount "71"]
[EventDate "2006.05.21"]

1. e4 c5 2. Nf3 e6 3. d4 cxd4 4. Nxd4 Nf6 5. Nc3 Nc6 6. Ndb5 d6 7. Bf4 e5 8.
Bg5 a6 9. Na3 b5 10. Bxf6 gxf6 11. Nd5 f5 12. Bd3 Be6 13. c3 Rc8 14. Nc2 Qg5
15. Qe2 Bh6 16. f4 exf4 17. exf5 O-O 18. fxe6 Qxd5 19. exf7+ Qxf7 20. O-O Rce8
21. Qg4+ Kh8 22. Qh3 Qg7 23. Rad1 Rg8 24. Rf2 Re5 25. Be2 d5 26. Bf3 Ne7 27.
Nd4 Qf6 28. Re2 Bg7 29. Rde1 Ng6 30. Rxe5 Nxe5 31. Bxd5 Re8 32. Qh5 Re7 33. Be4
h6 34. Nf5 Qb6+ 35. Kf1 Rd7 36. Qe8+ 1-0

[Event "XXXVII Olimpiadi femminile"]
[Site "Torino ITA"]
[Date "2006.05.23"]
[Round "3.3"]
[White "Tidman, Sophie E."]
[Black "Chang, Suzana"]
[Result "1-0"]
[WhiteElo "2086"]
[BlackElo "2091"]
[Annotator "ENG-BRA"]
[PlyCount "93"]
[EventDate "2006.05.21"]

1. e4 e6 2. d4 d5 3. e5 c5 4. c3 Bd7 5. Nf3 Qb6 6. Be2 Bb5 7. dxc5 Bxc5 8. b4
Bxf2+ 9. Kf1 Bd7 10. Qd2 Ne7 11. Bd3 Bc5 12. bxc5 Qxc5 13. Ba3 Qb6 14. g3 Nbc6
15. Kg2 Ng6 16. Re1 O-O-O 17. Qe3 Qa5 18. Qc5 Kb8 19. Nbd2 b6 20. Qxa5 Nxa5 21.
Bb4 Nb7 22. Rab1 Rc8 23. Nd4 a5 24. Bd6+ Nxd6 25. exd6 Ka7 26. Bb5 Rhd8 27.
N2f3 h6 28. Bxd7 Rxd7 29. h4 h5 30. Re2 Ka6 31. Nb5 Rc5 32. Reb2 Kb7 33. Nc7
Rxd6 34. Ne8 Rdc6 35. Nd4 Rxc3 36. Nxc6 Rxc6 37. Nxg7 e5 38. Nxh5 d4 39. Rf2 d3
40. Rxf7+ Kc8 41. Rf6 Rc2+ 42. Kf3 Re2 43. Rxg6 e4+ 44. Kg4 d2 45. Rd1 e3 46.
Rd6 Rf2 47. Nf4 1-0

[Event "XXXVII Olimpiadi femminile"]
[Site "Torino ITA"]
[Date "2006.05.23"]
[Round "3.1"]
[White "Shabanaj, Eglantina"]
[Black "Johansson, Viktoria"]
[Result "0-1"]
[WhiteElo "2140"]
[BlackElo "2222"]
[Annotator "ALB-SWE"]
[PlyCount "68"]
[EventDate "2006.05.21"]

1. d4 d5 2. c4 c6 3. Nf3 Nf6 4. Nc3 dxc4 5. a4 Bf5 6. e3 e6 7. Bxc4 Bb4 8. O-O
Nbd7 9. Qb3 a5 10. Bd2 O-O 11. Rfe1 Bg6 12. Rad1 Qc7 13. Nh4 Bh5 14. Rc1 Qd8
15. e4 Nc5 16. Qc2 Qxd4 17. Ba2 Nd3 18. Be3 Nxe1 19. Rxe1 Qd8 20. Bb1 Ng4 21.
e5 Bg6 22. Nxg6 hxg6 23. Bf4 Qe7 24. h3 Nh6 25. Bxh6 gxh6 26. Re4 Bxc3 27. bxc3
Rad8 28. h4 h5 29. Rf4 Rd5 30. Rf6 Rxe5 31. Rf4 Re1+ 32. Kh2 Qd6 33. g3 Qd5 34.
f3 Qd1 0-1

[Event "XXXVII Olimpiadi femminile"]
[Site "Torino ITA"]
[Date "2006.05.23"]
[Round "3.2"]
[White "Jiretorn, Eva"]
[Black "Pasku, Roela"]
[Result "1-0"]
[WhiteElo "2117"]
[BlackElo "1892"]
[Annotator "ALB-SWE"]
[PlyCount "107"]
[EventDate "2006.05.21"]

1. d4 Nf6 2. c4 c5 3. d5 d6 4. Nc3 g6 5. e4 b5 6. cxb5 a6 7. Nf3 axb5 8. Bxb5+
Bd7 9. Bc4 Bg7 10. O-O O-O 11. h3 Qb6 12. Qb3 Qc7 13. Bf4 Na6 14. a3 Rfb8 15.
Qc2 Qb6 16. b3 Nc7 17. a4 Na6 18. Rac1 Nb4 19. Qe2 Bc8 20. e5 Ne8 21. exd6 Nxd6
22. Qxe7 Bf8 23. Qe2 Bf5 24. Bxd6 Bxd6 25. Nb5 Bf4 26. d6 Re8 27. Bxf7+ Kxf7
28. Qc4+ Kg7 29. Qxf4 Nd3 30. Qd2 Nxc1 31. Rxc1 Rad8 32. Qc3+ Kg8 33. Qxc5 Qxc5
34. Rxc5 Bd3 35. Nfd4 Re1+ 36. Kh2 h5 37. h4 Rb1 38. Nc6 Rd7 39. Ne5 Bxb5 40.
Nxd7 Bxd7 41. Rc7 Be6 42. d7 Bxd7 43. Rxd7 Rxb3 44. a5 Ra3 45. Ra7 Ra4 46. g3
Ra2 47. Kg2 Ra3 48. a6 Kf8 49. Ra8+ Kf7 50. a7 Kg7 51. Kf1 Ra2 52. Ke1 Kf7 53.
Rh8 Kg7 54. a8=Q 1-0

[Event "XXXVII Olimpiadi femminile"]
[Site "Torino ITA"]
[Date "2006.05.23"]
[Round "3.1"]
[White "Zapata, Karen"]
[Black "Luna, Raisa"]
[Result "1-0"]
[WhiteElo "2236"]
[BlackElo "1974"]
[Annotator "PER-BOL"]
[PlyCount "91"]
[EventDate "2006.05.21"]

1. e4 c5 2. Nc3 d6 3. Bb5+ Bd7 4. Bxd7+ Qxd7 5. d4 cxd4 6. Qxd4 Nc6 7. Qd3 g6
8. Nf3 Bg7 9. a3 Nf6 10. O-O O-O 11. Re1 Ng4 12. Nd5 Nge5 13. Nxe5 Nxe5 14. Qe2
Rac8 15. Bg5 Rfe8 16. Rad1 Nc4 17. c3 f6 18. Bc1 Qc6 19. Rd3 a5 20. Rh3 e6 21.
Nf4 Ne5 22. Qc2 d5 23. exd5 exd5 24. Rd1 Rcd8 25. Re3 Bh6 26. Ree1 Bg7 27. h3
d4 28. Qb3+ Qc4 29. Qxc4+ Nxc4 30. Rxe8+ Rxe8 31. cxd4 f5 32. b3 Nb6 33. d5 g5
34. Ne6 Nxd5 35. Nxg7 Kxg7 36. Rxd5 Re1+ 37. Kh2 Rxc1 38. Rxf5 Kg6 39. Rxa5 h6
40. Rb5 Rc7 41. g4 Rf7 42. Rb6+ Kg7 43. Kg2 Kh7 44. a4 Kg7 45. b4 Kh7 46. a5
1-0

[Event "XXXVII Olimpiadi femminile"]
[Site "Torino ITA"]
[Date "2006.05.23"]
[Round "3.2"]
[White "Cordero, Daniela"]
[Black "Morales Mendoza, Luciana"]
[Result "0-1"]
[WhiteElo "2031"]
[BlackElo "2154"]
[Annotator "PER-BOL"]
[PlyCount "88"]
[EventDate "2006.05.21"]

1. d4 e6 2. c4 b6 3. Nc3 Bb4 4. Nf3 Bb7 5. e3 f5 6. Bd3 Nf6 7. O-O O-O 8. Qc2
Qe8 9. a3 Bxf3 10. gxf3 Bd6 11. f4 c6 12. Kh1 Be7 13. Rg1 Na6 14. b3 Nc7 15.
Bb2 d5 16. Rg2 Qh5 17. Rag1 Nfe8 18. Be2 Qh4 19. Rg3 Rf6 20. Bf1 Rh6 21. f3 Bf8
22. Qg2 Qe7 23. Rh3 Rxh3 24. Qxh3 Rd8 25. Qg2 a6 26. Be2 Nf6 27. Rb1 c5 28. Nd1
Nh5 29. Qg5 Qe8 30. Nf2 Be7 31. Qg2 Bf6 32. dxc5 bxc5 33. Bxf6 Nxf6 34. Nh3 d4
35. exd4 Rxd4 36. Rd1 Rxd1+ 37. Bxd1 Qd8 38. Qe2 Nh5 39. Bc2 Qh4 40. Qd1 Qxh3
41. Qd8+ Kf7 42. Qxc7+ Kg6 43. Qxc5 Qxf3+ 44. Kg1 Nxf4 0-1

[Event "XXXVII Olimpiadi femminile"]
[Site "Torino ITA"]
[Date "2006.05.23"]
[Round "3.1"]
[White "Petrenko, Svetlana"]
[Black "Siti, Zulaikha"]
[Result "0-1"]
[WhiteElo "2334"]
[BlackElo "2169"]
[Annotator "MDA-MAS"]
[PlyCount "82"]
[EventDate "2006.05.21"]

1. e4 d6 2. d4 Nf6 3. Nc3 g6 4. f3 c6 5. Be3 Qb6 6. Qc1 Bg7 7. Bd3 h5 8. Nge2
Qc7 9. a4 b6 10. Bc4 Nbd7 11. O-O Bb7 12. Qd2 a6 13. Ba2 e5 14. Nd1 b5 15. a5
Rd8 16. c3 c5 17. b4 O-O 18. d5 Nh7 19. Rc1 c4 20. Bb1 Rde8 21. f4 Bh6 22. f5
Bxe3+ 23. Qxe3 Ndf6 24. h3 Kg7 25. fxg6 fxg6 26. Qg3 Rg8 27. Ne3 Kh8 28. Kh1
Qg7 29. Ng1 Qh6 30. Rce1 Bc8 31. h4 Ref8 32. Nh3 Ng4 33. Rxf8 Rxf8 34. Nf1 g5
35. Nh2 Nxh2 36. Kxh2 g4 37. Ng1 Rf7 38. Qe3 Qxe3 39. Rxe3 Rf1 40. Bc2 Rc1 41.
Re2 g3+ 0-1

[Event "XXXVII Olimpiadi femminile"]
[Site "Torino ITA"]
[Date "2006.05.23"]
[Round "3.2"]
[White "Wan, Khye Theng"]
[Black "Smokina, Karolina"]
[Result "1/2-1/2"]
[WhiteElo "1989"]
[BlackElo "2252"]
[Annotator "MDA-MAS"]
[PlyCount "149"]
[EventDate "2006.05.21"]

1. e4 c5 2. Nc3 Nc6 3. g3 g6 4. Bg2 Bg7 5. d3 d6 6. Be3 e5 7. Qd2 h6 8. Nge2
Nge7 9. f4 exf4 10. Bxf4 g5 11. Be3 Nd4 12. O-O Be6 13. Nd1 d5 14. Bxd4 cxd4
15. c3 dxe4 16. Bxe4 O-O 17. Nxd4 Bxd4+ 18. cxd4 Qxd4+ 19. Qf2 Qxf2+ 20. Rxf2
Rab8 21. d4 f5 22. Bg2 Rfd8 23. Rd2 Rd7 24. Nc3 Rbd8 25. Rad1 Bd5 26. Bxd5+
Nxd5 27. Kf2 Rf8 28. Nxd5 Rxd5 29. Rc1 f4 30. gxf4 Rxf4+ 31. Ke3 Rd7 32. Rc5
Kf7 33. Re5 Re7 34. Rc2 Rxe5+ 35. dxe5 Ke6 36. Rc7 Rb4 37. b3 Kxe5 38. Rh7 Rb6
39. Re7+ Kf6 40. Rh7 Kg6 41. Re7 h5 42. Ke4 g4 43. Kf4 Rf6+ 44. Kg3 Rf3+ 45.
Kg2 Rf7 46. Re6+ Kg5 47. Re5+ Kg6 48. a4 Rc7 49. b4 Rc4 50. Rb5 b6 51. a5 bxa5
52. Rxa5 Rxb4 53. Rxa7 Rb2+ 54. Kg3 Rb3+ 55. Kg2 Rf3 56. Ra5 Rf5 57. Ra4 Kg5
58. h3 gxh3+ 59. Kxh3 Rc5 60. Kg3 h4+ 61. Kg2 Rb5 62. Rc4 Rb2+ 63. Kh3 Rb3+ 64.
Kg2 Rg3+ 65. Kh2 Rb3 66. Kg2 Rb5 67. Ra4 Kh5 68. Rc4 Rb2+ 69. Kh3 Rb3+ 70. Kg2
h3+ 71. Kh2 Rf3 72. Ra4 Kg5 73. Rb4 Rf4 74. Rxf4 Kxf4 75. Kxh3 1/2-1/2